Nicole Oresme's De visione stellarum (On seeing the stars) (Record no. 38600)
[ view plain ]
| 000 -LEADER | |
|---|---|
| fixed length control field | 02049nam a2200469 a 4500 |
| 082 04 - DEWEY DECIMAL CLASSIFICATION NUMBER | |
| Classification number | 535 |
| 100 1# - MAIN ENTRY--AUTHOR NAME | |
| Personal name | Oresme, Nicole, |
| 245 10 - TITLE STATEMENT | |
| Title | Nicole Oresme's De visione stellarum (On seeing the stars) |
| 260 ## - PUBLICATION, DISTRIBUTION, ETC. (IMPRINT) | |
| Place of publication | Leiden ; |
| -- | Boston : |
| Name of publisher | Brill, |
| Year of publication | 2007. |
| 300 ## - PHYSICAL DESCRIPTION | |
| Number of Pages | xii, 319 p. : |
| Other physical details | ill. |
| 490 1# - SERIES STATEMENT | |
| Series statement | Medieval and early modern science, |
| 500 ## - GENERAL NOTE | |
| General note | Revision of the author's thesis (Ph. D.)--Indiana University, 2000. |
| 650 #0 - SUBJECT ADDED ENTRY--TOPICAL TERM | |
| Topical Term | Optics |
| Topical Term | Refraction, Astronomical |
| Topical Term | Science, Medieval |
| 700 1# - ADDED ENTRY--PERSONAL NAME | |
| Personal name | Burton, Dan. |
| 856 40 - ELECTRONIC LOCATION AND ACCESS | |
| Uniform Resource Identifier | http://site.ebrary.com/lib/rucke/Doc?id=10234936 |
No items available.
